|
|
|
|
| LEADER |
00000cas a2200000 c 4500 |
| 001 |
166935174 |
| 003 |
DE-627 |
| 005 |
20230401193554.0 |
| 007 |
tu |
| 008 |
941029d19731994ie z| p| 0 |0eng c |
| 016 |
7 |
|
|a 012042579
|2 DE-101
|
| 016 |
7 |
|
|a 350086-X
|2 DE-600
|
| 035 |
|
|
|a (DE-627)166935174
|
| 035 |
|
|
|a (DE-576)015380726
|
| 035 |
|
|
|a (DE-599)ZDB350086-X
|
| 035 |
|
|
|a (OCoLC)1366324203
|
| 040 |
|
|
|a DE-627
|b ger
|c DE-627
|e rakwb
|
| 041 |
|
|
|a eng
|
| 044 |
|
|
|c XA-IE
|
| 082 |
0 |
4 |
|a 340
|q DE-600
|
| 245 |
0 |
0 |
|a Annual report on prisons and places of detention
|b for the year ...
|c Department of Justice
|
| 264 |
3 |
1 |
|a Dublin
|b Stationery Off.
|c 1973-1994
|
| 336 |
|
|
|a Text
|b txt
|2 rdacontent
|
| 337 |
|
|
|a ohne Hilfsmittel zu benutzen
|b n
|2 rdamedia
|
| 338 |
|
|
|a Band
|b nc
|2 rdacarrier
|
| 362 |
0 |
|
|a 1973 - 1994
|
| 363 |
0 |
0 |
|i 1973
|
| 363 |
1 |
0 |
|i 1994
|
| 655 |
|
7 |
|a Zeitschrift
|0 (DE-588)4067488-5
|0 (DE-627)10454466X
|0 (DE-576)20917000X
|2 gnd-content
|
| 710 |
2 |
|
|a Irland
|b Department of Justice
|e Herausgebendes Organ
|0 (DE-588)122615-0
|0 (DE-627)102167729
|0 (DE-576)190646144
|4 isb
|
| 935 |
|
|
|a mkri
|
| 951 |
|
|
|a JT
|
| ELC |
|
|
|b 1
|
| LOK |
|
|
|0 000 xxxxxcy a22 3n 4500
|
| LOK |
|
|
|0 001 2115679636
|
| LOK |
|
|
|0 003 DE-627
|
| LOK |
|
|
|0 004 166935174
|
| LOK |
|
|
|0 005 20031110000000
|
| LOK |
|
|
|0 008 881013||||||||||||||||ger|||||||
|
| LOK |
|
|
|0 035
|a (DE-600)023599723
|
| LOK |
|
|
|0 040
|a DE-Frei85
|c DE-627
|d DE-Frei85
|
| LOK |
|
|
|0 852
|8 1
|
| LOK |
|
|
|0 852
|a DE-Frei85
|
| LOK |
|
|
|0 852 1
|9 00
|
| LOK |
|
|
|0 85900
|8 1.1
|i 1973
|
| LOK |
|
|
|0 85910
|8 1.2
|i 1994
|
| LOK |
|
|
|0 86630
|a 1973 - 1994
|
| LOK |
|
|
|0 939
|a 13-10-88
|b z01
|
| ORI |
|
|
|a SA-MARC-krimdoka001.raw
|